Manual de profesores y guía para el uso de las cajas enciclopédicas dedicadas a la enseñanza objetiva y acomodadas a las escuelas de la República.

Salvato in:
Dettagli Bibliografici
Autore principale: Estrada y Zenea, Ildefonso.
Natura: Libro
Lingua:spagnolo
Pubblicazione: México Imprenta y Librería de J. M. Aguilar Ortiz 1876
Catalogo:MANES:  Risultati della ricerca del catalogo della biblioteca
Libro di testo Classificazione:
Tags: Aggiungi Tag
Nessun Tag, puoi essere il primo ad aggiungerne!!
Aggiunto a:2018-09-05
Cambiato in:2019-04-29

MARC

LEADER 00000nam a2200000 4500
005 20190429105153.0
008 180906b xxu||||| |||| 00| 0 spa d
040 |a centro_manes  |c universidad_colima 
100 |9 22359  |a Estrada y Zenea, Ildefonso. 
245 |a Manual de profesores y guía para el uso de las cajas enciclopédicas dedicadas a la enseñanza objetiva y acomodadas a las escuelas de la República. 
260 |a México  |b Imprenta y Librería de J. M. Aguilar Ortiz  |c 1876 
300 |a 176 p.  |c 23 cm 
500 |a Aparece: Francisco Ziga, "Bibliografía Pedagógica. Libros de texto para enseñanza primaria:1850-1970 V. Libros de Lectura" en Boletín del Instituto de Investigaciones Bibliográficas 1981-1982, Biblioteca Nacional, Hemeroteca Nacional, Universidad Nacional Autónoma de México, Nos. 18 - 19,p. 140.  |a (Enseñanza objetiva). 
691 0 |a PRI 
690 0 |a EyL 
942 |2 ddc  |c BK 
999 |c 51622  |d 51622 
999 |c manes:51622  |d 51622